000 00554nas a2200205 4500
001 BR8703652
003 BR-BrBNA
005 20231205090703.0
007 ta
008 230509b bl.|||p| |||| 00| 00por d
040 _aBR-BrBNA
_bpor
_cBiblioteca Nacional de Agricultura
041 _a(Pt)
072 _aL74
100 1 _aPaiva, M. dos S.
245 1 _aFotossensibilizacao
650 _aFOTOSSENSIBILIDADE
773 0 _tIESACAO (Brazil)
_x
_g(Jul 1981), (no. 12) p. 3
_wBR8703652
909 _a202311
_bLúcia
_c55
_dLúcia Elande
942 _2AGRIS
_n0
_cANA
999 _c120264
_d120264